Statistics for WWE Intercontinental & United States Champions

Click here to take the quiz!

General Stats

  • This quiz has been taken 344 times
    (301 since last reset)
  • The average score is 26 of 42

Answer Stats

First IC Title WinEventFirst US Title WinEventChampion% Correct
April 8, 2018WrestleMania 34August 23, 2015SummerSlamSeth Rollins
89%
November 20, 2017RawSeptember 25, 2016Clash of ChampionsRoman Reigns
87%
September 20, 2015Night of ChampionsApril 2, 2017WrestleMania 33Kevin Owens
86%
December 13, 2015TLCMay 19, 2013Extreme RulesDean Ambrose
84%
July 23, 2012Raw 1000October 5, 2009RawThe Miz
84%
December 14, 2003ArmageddonMarch 11, 2018FastlaneRandy Orton
82%
April 5, 2009WrestleMania 25May 19, 2019Money in the BankRey Mysterio
80%
December 12, 1999ArmageddonJanuary 9, 2017RawChris Jericho
79%
July 24, 1999House showNovember 12, 2001RawEdge
79%
July 28, 2010SmackdownJune 19, 2011Capitol PunishmentDolph Ziggler
78%
April 10, 2001SmackdownApril 16, 2018RawJeff Hardy
75%
January 14, 2019RawMay 23, 2006SmackdownBobby Lashley
73%
September 18, 2005UnforgivenJuly 29, 1977NWA Live EventRic Flair
73%
June 8, 2020SmackdownJuly 7, 2017House showAJ Styles
72%
June 29, 2008Night of ChampionsJune 1, 2009RawKofi Kingston
72%
August 26, 1991SummerSlamJuly 20, 1998WCW NitroBret Hart
71%
March 29, 2015WrestleMania 31September 19, 2010Night of ChampionsDaniel Bryan
69%
April 2, 2000WrestleMania 16August 9, 1999WCW NitroChris Benoit
68%
September 4, 2000RawDecember 29, 1996WCW StarrcadeEddie Guerrero
68%
February 17, 2019Elimination ChamberFebruary 28, 2022RawFinn Balor
67%
March 4, 2022SmackdownJune 23, 2019Stomping GroundsRicochet
67%
April 1, 2012WrestleMania XXVIIIOctober 19, 2003No MercyThe Big Show
67%
April 3, 2016WrestleMania 32December 18, 2011TLCZack Ryder
65%
July 14, 2019Extreme RulesJuly 15, 2018Extreme RulesShinsuke Nakamura
63%
March 9, 2009RawApril 2, 2006WrestleMania 22John Bradshaw Layfield
62%
July 7, 2003RawMarch 18, 2001WCW GreedBooker T
61%
January 21, 1996Royal RumbleJanuary 11, 1993WCW Saturday NightGoldust / Dustin Rhodes
59%
February 27, 2000No Way OutOctober 22, 2001RawKurt Angle
58%
April 11, 2021WrestleMania 37May 25, 2020PaybackApollo Crews
55%
August 3, 1997SummerSlamDecember 27, 1993WCW StarrcadeStone Cold Steve Austin
55%
September 27, 1993RawFebruary 21, 1999WCW SuperBrawl IXRazor Ramon / Scott Hall
53%
October 19, 2004Taboo TuesdayJuly 20, 2008The Great American BashShelton Benjamin
52%
March 29, 1987WrestleMania IIIOctober 21, 1977NWA Live EventRicky Steamboat
49%
June 20, 2005RawOctober 5, 2004SmackdownCarlito
45%
April 16, 2007RawMarch 5, 2012RawSantino Marella
39%
April 2, 1989WrestleMania VNovember 19, 1991WCW Clash of the Champions XVIIRick Rude
37%
January 19, 1992Royal RumbleJanuary 27, 1981NWA Live EventRoddy Piper
37%
April 23, 1990SuperstarsSeptember 15, 1997WCW NitroMr. Perfect / Curt Hennig
36%
January 22, 1995Royal RumbleJune 9, 1997WCW NitroJeff Jarrett
35%
September 24, 1984Maple Leaf WrestlingNovember 4, 1982NWA Live EventGreg Valentine
25%
July 23, 2001RawJuly 18, 2000WCW NitroLance Storm
25%
October 22, 1995IYH: Great White NorthJanuary 14, 2001WCW SinDean Douglas / Shane Douglas
22%

Score Distribution

Percentile by Number Answered

Percent of People with Each Score

Your Score History

You have not taken this quiz since the last reset